• 首页
  • 本馆介绍
  • 公告通知
  • 最新文献
  • 馆藏检索
  • 电子资源
  • 读者导购
  • 参考咨询
  • 我的图书馆
  • 登录
  • 详细信息显示
  • 放入我的书架
  • 预约/预借图书
  • 作者相关作品
  • 分类相关作品
  • 丛书相关作品
  • 出版社相关作品

书目信息

  • 表格格式
  • 工作单格式
  • 卡片格式
题名:
香港银行押汇实务
    
 
作者: 于强 著
分册:  
出版信息: 杭州   浙江大学出版社  2006
页数: 11,366页
开本: 23cm
丛书名:
单 册:
中图分类: F832.765.8
科图分类:
主题词: 银行--外汇业务--香港特别行政区 , 银行 , 外汇业务
电子资源:
ISBN: 7-308-04652-4
000 00778nam0 2200253 450
001 012007762348
005 20070517100156.23
010    @a7-308-04652-4@dCNY38.00
100    @a20070512d2006 km y0chiy0120 ea
101 0  @achi
102    @aCN@b330000
105    @ay z 000yy
106    @ar
200 1  @a香港银行押汇实务@Axiang gang yin hang ya hui shi wu@f于强著@Fyu qiang zhu
210    @a杭州@c浙江大学出版社@d2006
215    @a11,366页@d23cm
330    @a本书主要介绍了香港的国际贸易与银行进出口押汇、香港银行的进出口押汇服务网络、进出口押汇的票据等内容。
606 0  @a银行@x外汇业务@y香港特别行政区
606 0  @a银行
606 0  @a外汇业务
690    @aF832.765.8@v4
701  0 @a于强@Ayu qiang@4著
801  0 @aCN@bRULIN@c20070517
905    @dF832.765.8@e39@s5
    
    香港银行押汇实务/于强著.-杭州:浙江大学出版社,2006
    11,366页;23cm
    
    
    ISBN 7-308-04652-4:CNY38.00
    本书主要介绍了香港的国际贸易与银行进出口押汇、香港银行的进出口押汇服务网络、进出口押汇的票据等内容。
●
相关链接 在E读中查询图书 在五车中查询图书 在当当中查询图书 在豆瓣中查询图书


正题名:香港银行押汇实务     索取号:F832.765.8/39         预约/预借

序号 登录号 条形码 馆藏地/架位号 状态 备注
1 0572685   205726856   第一样本阅览室/ [索取号:F832.765.8/39] 在馆    
2 0572686   205726865   第一借阅区/ [索取号:F832.765.8/39] 在馆    
3 0572687   205726874   第一借阅区/ [索取号:F832.765.8/39] 在馆    
4 0572688   205726883   第一借阅区/ [索取号:F832.765.8/39] 在馆    
5 0572689   205726892   第一借阅区/ [索取号:F832.765.8/39] 在馆    
唐山师范学院图书馆 欢迎您!
大连网信软件有限公司© 版权所有